Word Ladder: Shake It Up Baby! Quiz Stats

 Plays Quiz Updated Jun 7, 2016

Also try: Word Ladder: Help!
Challenge
Share
Tweet
Embed
Score 0/26 Timer 04:00
0 Plays Today
Clue 5-Letter Word % Correct
Outer edge of breadCRUST
98.2%
Game where black and white kings battleCHESS
97.3%
Monopoly's 'Community ___'CHEST
96.6%
The highest part of a hill or mountainCREST
96%
A room within a school where lessons are taughtCLASS
95.5%
To rely on the integrity of somethingTRUST
94.6%
Punish a child with a butt slapSPANK
93.3%
A hybrid eating utensilSPORK
92.6%
Possible ignition sourceSPARK
92.6%
A small holder for boozeFLASK
92.5%
A sore loser is also known as a 'poor ___'SPORT
92.5%
Sound of a heavy chainCLANK
91.7%
Band with 'The' that sang 'London Calling'CLASH
91.4%
Clue 5-Letter Word % Correct
Uncultured and rudeCRASS
91.3%
A little teapot's accompaniment to the handleSPOUT
91.2%
Superhero born Barry AllenFLASH
90.6%
Edible herb often added to soup or sandwichesCRESS
90.4%
The side of an army or side of beefFLANK
90.4%
Slang for prisonCLINK
89.1%
A miscued golf shot or a tasty cut of lambSHANK
86.8%
A weak spot, as in a suit of armorCHINK
86.5%
** '___ for Yourself' - Rubber Soul (1965) ****THINK**
82.8%
** '___ You Girl' - Past Master Vol 1 (1963) ****THANK**
81.6%
Obsolete spelling of a secret meetingTRIST
81.1%
** Beatles 1963 cover: [First Rung] and [Last Rung] ****SHOUT**
75.9%
** Beatles 1963 cover: [First Rung] and [Last Rung] ****TWIST**
73.7%

Today's Daily Dose

You're not logged in!

Compare scores with friends on all Sporcle quizzes.
OR
Log In

You Might Also Like...

Show Comments

Extras

Top Quizzes Today


Score Distribution

Your Account Isn't Verified!

In order to create a playlist on Sporcle, you need to verify the email address you used during registration. Go to your Sporcle Settings to finish the process.

Report this User

Report this user for behavior that violates our Community Guidelines.

Details: